000 00905nam a22002537a 4500
005 20170124103002.0
010 _aA-146017
020 _c15.00
035 _aA-146017
037 _bCen Lib/Ret
040 _aDPL
_bHN
082 _a
_bअमृत
100 _aअमृतराय
_9113408
245 _aहाथी के दांत /
_cअमृतराय
246 _aHaathi ke daant /
_bby Amritray
260 _aइलाहाबाद
_bहंस प्रकाशन
_c1956
270 _bइलाहाबाद
300 _a134पृ.
_c18सेमी (सजिल्द)
650 _a हिन्दी साहित्य
_9113409
650 _a हिन्दी साहित्य -- उपन्यास
_946379
650 _aHindi literature
_9113410
650 _aHindi literature -- Fiction
_9113411
942 _2ddc
_cHN
_h
_mअमृत
999 _c114021
_d114021